Norma sobre entrenamiento para operaciones iniciales en el lugar de la emergencia
Salvato in:
| Ente Autore: | |
|---|---|
| Altri autori: | |
| Natura: | Sconosciuto |
| Pubblicazione: |
Bogotá, Colombia :Organización Iberoamericana de Protección Contra Incendios
2000
|
| Edizione: | 2000 |
| Soggetti: | |
| Tags: |
Aggiungi Tag
Nessun Tag, puoi essere il primo ad aggiungerne!!
|
MARC
| LEADER | 00000 a2200000 4500 | ||
|---|---|---|---|
| 003 | 000071 | ||
| 005 | 20221231143829.0 | ||
| 008 | 140114s2000 c a 000 ||s d | ||
| 040 | |c cru CEDI | ||
| 082 | |a 363.378 N842n | ||
| 110 | |9 18732 |a Organización Iberoamericana de Protección Contra Incendios | ||
| 245 | |a Norma sobre entrenamiento para operaciones iniciales en el lugar de la emergencia | ||
| 246 | |a NFPA 1410 | ||
| 250 | |a 2000 | ||
| 260 | |c 2000 |a Bogotá, Colombia :Organización Iberoamericana de Protección Contra Incendios | ||
| 300 | |a 24 páginas | ||
| 500 | |a [Título original: Standard on training for initial emergency scene operations, Edition 2000] | ||
| 650 | |x EXTINCION DE INCENDIOS--NORMAS |x TRABAJOS DE RESCATE--NORMAS |9 18746 | ||
| 700 | |9 18736 |a Narváez, Luz Stella de |d Traductor(a) | ||
| 942 | |2 ddc |c BK | ||
| 999 | |c 12741 |d 12741 | ||
